000 00616nam a2200217 a 4500
001 15404
003 CO-ViMGA
008 141112s2004 ck r 000 u spa d
020 _a9589281516
040 _aCO-ViMGA
_bspa
_cCO-ViMGA
082 0 4 _a498 P156
100 1 _aPamopa Wuajan Xabich Ipachaem,
_922405
245 1 0 _aTres cuentos que son muy buenos
260 _aBogotá,
_cBuena semilla,
_c2001
300 _a64.p.
650 1 4 _aCUENTOS INDIGENAS COLOMBIANOS
_915122
650 1 4 _aGRAMATICA GUAHIBA
_922406
650 1 4 _aGUAYABERO
_922407
650 1 4 _aLENGUAS INDIGENAS - COLOMBIA
_914388
942 _2ddc
_cBK
999 _c25737
_d25737